000 00677nam a2200241Ia 4500
003 OSt
005 20221005131040.0
006 a|||||r|||| 00| 0
007 ta
008 221004b |||||||| |||| 00| 0 eng d
024 _a29734
037 _cTextual
040 _aCRL
_cCRL
_beng
041 _2eng
_aeng
082 _a14:24295:N5, K2
110 _aNational Central Library, Taipei
_9639058
245 0 _aSelected and annotated bibliography of the Republic of China, 1959-60
260 _c1962
650 _aBIBLIOGRAPHY
700 _aNational Central Library, Taipei
_9639059
942 _h14:24295:N5, K2
_cTEXL
_2cc
999 _c1059188
_d1059188